| 000 | 00478cam a22002051 4500 | ||
|---|---|---|---|
| 001 | sa 68006551 | ||
| 003 | DLC | ||
| 005 | 20260227112517.0 | ||
| 008 | 881109s1967 xx 000 0 tamr | ||
| 010 | _asa 68006551 | ||
| 035 | _a(OCoLC)34831321 | ||
| 040 |
_aDLC _cMnU _dDLC |
||
| 042 | _apremarc | ||
| 050 | 0 | 0 |
_aPL4758.9.K64 _bC3 |
| 100 | 0 |
_aKrishna, _d1924- |
|
| 245 | 1 | 0 | _aCantana maram. |
| 260 |
_a[n.p.] _c[1967] |
||
| 300 |
_a294 p. _c19 cm. |
||
| 500 | _aRomanized. | ||
| 999 |
_c81373 _d81373 |
||